[Event "ICS Rated blitz match"]
[Site "207.99.83.229"]
[Date "1999.06.14"]
[Round "?"]
[White "Hossa"]
[Black "rb"]
[Result "1-0"]
[WhiteElo "2371"]
[BlackElo "2300"]
[PlyCount "107"]

1. e4 e5 2. Nf3 Nc6 3. Bb5 a6 4. Ba4 Nf6 5. O-O Be7 6. Re1 b5 7. Bb3 O-O 8. c3
d5 9. exd5 Nxd5 10. Nxe5 Nxe5 11. Rxe5 c6 12. d4 Bd6 13. Re1 Qh4 14. g3 Qh3 15.
Be3 Bg4 16. Qd3 Rae8 17. Nd2 Re6 18. a4 f5 19. axb5 f4 20. Bxf4 Bxf4 21. Rxe6
Bxe6 22. bxc6 Rb8 23. Qf3 Bxd2 24. Bxd5 Kh8 25. Bxe6 Qxe6 26. Rxa6 Qc4 27. Ra7
Re8 28. Re7 Ra8 29. h3 Bg5 30. Qf7 Qxf7 31. Rxf7 Kg8 32. Rb7 Rc8 33. d5 Bf6 34.
f4 Kf8 35. c4 Ke8 36. b4 Ra8 37. Kg2 Kd8 38. f5 Ra2+ 39. Kf1 Be5 40. c5 Ra1+
41. Ke2 Ra2+ 42. Ke3 Bf6 43. d6 Ra8 44. c7+ Ke8 45. Rb8+ Rxb8 46. cxb8=Q+ Kf7
47. Qb7+ Kf8 48. c6 Bg5+ 49. Ke4 Kg8 50. c7 h6 51. c8=Q+ Kh7 52. Qf8 Be7 53.
Qfxe7 Kg8 54. Qxg7# {rb checkmated} 1-0

[Event "ICS rated blitz match"]
[Site "207.99.83.229"]
[Date "1999.06.14"]
[Round "?"]
[White "Hossa"]
[Black "Data"]
[Result "0-1"]
[WhiteElo "2384"]
[BlackElo "2784"]
[PlyCount "112"]

1. e4 c5 2. d4 cxd4 3. Qxd4 Nc6 4. Qa4 g6 5. Nf3 Bg7 6. Be2 e5 7. Nc3 Nf6 8.
Bg5 h6 9. Bh4 O-O 10. O-O d6 11. Rad1 Qb6 12. Qb3 Ne8 13. Qxb6 axb6 14. Nd5
Rxa2 15. Be7 Rxb2 16. Rd2 Bg4 17. Bxf8 Kxf8 18. Ra1 h5 19. Ne3 Bh6 20. Ra8 Rb1+
21. Rd1 Rxd1+ 22. Nxd1 Ke7 23. Nc3 Nf6 24. h3 Be6 25. Bb5 Bf4 26. Kh1 d5 27.
exd5 Nxd5 28. Nxd5+ Bxd5 29. Ng1 Nd4 30. Re8+ Kf6 31. c4 Bc6 32. Bxc6 bxc6 33.
Nf3 Kf5 34. Rc8 c5 35. Ne1 Ke4 36. Kg1 Bd2 37. Nf3 Nxf3+ 38. gxf3+ Kxf3 39. Rc6
Ba5 40. Rf6+ Ke2 41. Rxf7 Kd3 42. Rg7 Kxc4 43. Rxg6 b5 44. Rg5 b4 45. Rxe5 b3
46. Re2 Bc3 47. f4 b2 48. Rxb2 Bxb2 49. Kg2 Kd3 50. Kf3 c4 51. Kf2 c3 52. Kg3
c2 53. Kh4 c1=Q 54. Kg5 Qg1+ 55. Kxh5 Ke4 56. Kh6 56... Kxf4 {Hossa resigns}
0-1

[Event "ICS Rated blitz match"]
[Site "207.99.83.229"]
[Date "1999.06.15"]
[Round "?"]
[White "Hossa"]
[Black "Amateur"]
[Result "0-1"]
[WhiteElo "2410"]
[BlackElo "2619"]
[PlyCount "57"]

1. Nc3 e6 2. e4 Nc6 3. Nf3 Nf6 4. e5 Nd5 5. Nxd5 exd5 6. Be2 d6 7. d4 dxe5 8.
Nxe5 Nxe5 9. dxe5 Be7 10. Qd3 O-O 11. Be3 Be6 12. O-O-O c5 13. Bf3 d4 14. Bf4
Bg5 15. Qd2 Bxf4 16. Qxf4 Bd5 17. Rhe1 Bxa2 18. Bxb7 Rb8 19. Be4 Qb6 20. b3 c4
21. Qh4 h6 22. Rxd4 cxb3 23. cxb3 Rfc8+ 24. Bc6 Bxb3 25. Kd2 Qxc6 26. Rd3 Qxg2
27. Qg3 Qb7 28. Rg1 Rc2+ 29. Ke3 {Hossa resigns} 0-1

[Event "ICS Rated blitz match"]
[Site "207.99.83.229"]
[Date "1999.06.15"]
[Round "?"]
[White "Amateur"]
[Black "Hossa"]
[Result "1/2-1/2"]
[WhiteElo "2626"]
[BlackElo "2403"]
[PlyCount "206"]

1. g3 c5 2. Bg2 d5 3. Nf3 Nf6 4. Nc3 d4 5. Na4 Qa5 6. b3 Nc6 7. O-O Bd7 8. c3
e5 9. Nb2 dxc3 10. Nc4 Qc7 11. dxc3 O-O-O 12. Qc2 Be6 13. Bb2 Bxc4 14. bxc4 Ne8
15. Qf5+ Kb8 16. Qc2 Nd6 17. Nd2 h5 18. Qa4 h4 19. Bxc6 hxg3 20. fxg3 Qxc6 21.
Qxc6 bxc6 22. Rab1 Ka8 23. Ba3 Be7 24. Bxc5 Nxc4 25. Bxe7 Rxd2 26. Rxf7 Rxe2
27. h4 Rg8 28. Bf8 g6 29. Rd1 Rd2 30. Rxd2 Nxd2 31. Bc5 Ne4 32. Rxa7+ Kb8 33.
Ra5 Rd8 34. Bb4 Rd3 35. Rxe5 Nxc3 36. Re6 Rxg3+ 37. Kh2 Rf3 38. a3 Kc7 39. Rxg6
Ne4 40. h5 Nf2 41. h6 Rf5 42. h7 Rh5+ 43. Kg2 Nd1 44. Rg7+ Kb6 45. Bd2 Ka6 46.
Re7 Kb5 47. Bf4 Ka6 48. Kg3 Nb2 49. Kg4 Rxh7 50. Rxh7 c5 51. Be3 Na4 52. Kf4
Kb5 53. Ke5 Nb6 54. Rb7 Kc6 55. Rxb6+ Kxb6 56. Kd5 Kb5 57. Bxc5 Ka5 58. Kc6 Ka6
59. Bb4 Ka7 60. Bd2 Kb8 61. Kb6 Ka8 62. a4 Kb8 63. Bf4+ Ka8 64. Be3 Kb8 65. a5
Ka8 66. Kc6 Kb8 67. a6 Ka8 68. Kd5 Kb8 69. a7+ Kb7 70. Bd4 Ka8 71. Ke4 Kb7 72.
Ke5 Ka8 73. Kf4 Kb7 74. Ke4 Ka8 75. Ke5 Kb7 76. Kf4 Ka8 77. Kf5 Kb7 78. Kf6 Ka8
79. Ke6 Kb7 80. Kf5 Ka8 81. Be3 Kb7 82. Ke4 Ka8 83. Ke5 Kb7 84. Kf4 Ka8 85. Ke4
Kb7 86. Bc5 Ka8 87. Ke5 Kb7 88. Kd4 Ka8 89. Kd5 Kb7 90. Bd4 Ka8 91. Ke6 Kb7 92.
Kf6 Ka8 93. Bc5 Kb7 94. Ke5 Ka8 95. Kd4 Kb7 96. Kd5 Ka8 97. Bd4 Kb7 98. Ke6 Ka8
99. Kd6 Kb7 100. Ke7 Ka8 101. Kf6 Kb7 102. Kf7 Ka8 103. Ke6 103... Kb7 {
Game drawn by repetition} 1/2-1/2

[Event "ICS Rated blitz match"]
[Site "207.99.83.229"]
[Date "1999.06.15"]
[Round "?"]
[White "Hossa"]
[Black "Amateur"]
[Result "0-1"]
[WhiteElo "2412"]
[BlackElo "2617"]
[PlyCount "198"]

1. d4 Nf6 2. f4 d5 3. Nf3 Bf5 4. e3 e6 5. Bd3 Ne4 6. Nbd2 Be7 7. O-O Nd7 8. Ne5
Nxe5 9. fxe5 Qd7 10. b3 O-O 11. Qf3 Qc6 12. Rb1 Bb4 13. Bxe4 dxe4 14. Qd1 Be7
15. c4 Rad8 16. Qh5 Qa6 17. a4 Qa5 18. Qe2 Bg6 19. Qf2 Qc3 20. b4 Qc2 21. Rb3
Bh5 22. Bb2 Bd1 23. Ba1 Bh4 24. Qxh4 Qxd2 25. Rc3 Bc2 26. Qf2 Qxf2+ 27. Rxf2
Bd3 28. Bb2 h5 29. b5 Rd7 30. Ba3 Rc8 31. Bb4 Kh7 32. c5 c6 33. Ra3 Kg6 34. h3
a6 35. bxa6 Bxa6 36. Ba5 Bd3 37. Bb6 h4 38. Rf4 Kh5 39. Kf2 g6 40. Rf6 Kg5 41.
Rb3 Rh8 42. g3 Ra8 43. Rb4 hxg3+ 44. Kxg3 Be2 45. h4+ Kh5 46. Rb2 Bf3 47. a5
Rg8 48. Rh2 Ra8 49. Rf2 Rb8 50. Kf4 Rg8 51. Rh2 Rf8 52. Rf2 Re8 53. Rd2 Ra8 54.
Ra2 Re8 55. Rc2 Rh8 56. Kg3 Rf8 57. Rc4 Re8 58. Rb4 Rg8 59. Rb1 g5 60. hxg5
Rxg5+ 61. Kh3 Rg2 62. Rb3 Kg5 63. Rc3 Rg1 64. Ra3 Re1 65. Rb3 Re2 66. Kg3 Rg2+
67. Kh3 Rg1 68. Rc3 Rh1+ 69. Kg3 Re1 70. Kf2 Re2+ 71. Kf1 Rb2 72. Rc1 Rh2 73.
Rc3 Kg4 74. Rb3 Kg3 75. Ke1 Re2+ 76. Kf1 Rd2 77. Rb1 Rh2 78. Ke1 Rh1+ 79. Kd2
Rxb1 80. Kc3 Kf2 81. d5 cxd5 82. c6 bxc6 83. Rh6 Rc1+ 84. Kd2 Rd1+ 85. Kc2 Rb7
86. Rf6 Re1 87. Rh6 c5 88. Rh2+ Kg1 89. Rh8 Re2+ 90. Kc1 Kf1 91. Rc8 c4 92. Ra8
Ra2 93. Bd4 Rb3 94. Rf8 c3 95. Rxf7 c2 96. Rb7 Rxb7 97. Bb2 Rbxb2 98. Kd2 Rb1
99. a6 99... c1=Q# {Hossa checkmated} 0-1

[Event "ICS Rated blitz match"]
[Site "207.99.83.229"]
[Date "1999.06.15"]
[Round "?"]
[White "Secret"]
[Black "Hossa"]
[Result "1-0"]
[WhiteElo "2396"]
[BlackElo "2404"]
[PlyCount "24"]

1. e4 d6 2. d4 Nf6 3. Nc3 c6 4. Nf3 Qc7 5. e5 dxe5 6. dxe5 Ng4 7. Bf4 Qb6 8.
Qd2 Qxb2 9. Rb1 Qa3 10. Rd1 Nd7 11. Nb5 cxb5 12. Bxb5 12... Ngxe5 {
Hossa resigns} 1-0

[Event "ICS Rated blitz match"]
[Site "207.99.83.229"]
[Date "1999.06.15"]
[Round "?"]
[White "Hossa"]
[Black "Secret"]
[Result "0-1"]
[WhiteElo "2388"]
[BlackElo "2412"]
[PlyCount "47"]

1. e4 e5 2. f4 exf4 3. Nf3 d5 4. exd5 Nf6 5. Bb5+ c6 6. dxc6 Nxc6 7. d4 Bd6 8.
O-O O-O 9. Bxc6 bxc6 10. Ne5 Bxe5 11. dxe5 Qb6+ 12. Kh1 Ng4 13. Qe2 Re8 14.
Rxf4 Rxe5 15. Qf1 Ba6 16. c4 Re4 17. Na3 Rxf4 18. Bxf4 Nf2+ 19. Kg1 Nd3+ 20.
Kh1 Qxb2 21. Bd6 Nf2+ 22. Kg1 Ne4 23. Rd1 Nxd6 24. Rxd6 {Hossa resigns} 0-1

[Event "ICS Rated blitz match"]
[Site "207.99.83.229"]
[Date "1999.06.15"]
[Round "?"]
[White "Talmoves"]
[Black "Hossa"]
[Result "1-0"]
[WhiteElo "2632"]
[BlackElo "2373"]
[PlyCount "106"]

1. e4 d6 2. d4 g6 3. Nc3 Bg7 4. Nf3 Nf6 5. Be2 O-O 6. O-O Bg4 7. Be3 Nc6 8. Qd2
Bxf3 9. Bxf3 Qd7 10. d5 Ne5 11. Be2 Nfg4 12. Bf4 c6 13. f3 Nf6 14. Kh1 cxd5 15.
Nxd5 Nxd5 16. Qxd5 Rac8 17. Bb5 Qe6 18. Qxb7 Rxc2 19. Ba4 Rcc8 20. Bg5 f6 21.
Bd2 Rb8 22. Qxa7 Rxb2 23. Bb3 Nc4 24. Bc1 Rxb3 25. axb3 Ne5 26. Qb7 Nd3 27. Ra7
f5 28. Qxe7 Qxe7 29. Rxe7 fxe4 30. Rxe4 Rb8 31. Be3 Rxb3 32. Re7 d5 33. Rd7 Ne5
34. Rxg7+ Kxg7 35. Bd4 Kh6 36. Bxe5 Kg5 37. Rd1 Kf5 38. Bh8 Rb8 39. Bc3 Rd8 40.
Kg1 Kf4 41. Kf2 Kf5 42. Ke3 h5 43. Kd4 Rc8 44. Rc1 Ke6 45. Re1+ Kf7 46. Re3 Ra8
47. Re5 Ra2 48. Rg5 h4 49. h3 Rc2 50. Rg4 Rc1 51. Rxh4 Ke6 52. Rg4 Kf7 53. Bb4
53... Rd1+ {Hossa resigns} 1-0

[Event "ICS rated blitz match"]
[Site "207.99.83.229"]
[Date "1999.06.15"]
[Round "?"]
[White "Beadle"]
[Black "Hossa"]
[Result "0-1"]
[WhiteElo "2644"]
[BlackElo "2367"]
[PlyCount "140"]

1. e4 e5 2. Nf3 Nc6 3. d4 exd4 4. Nxd4 Bc5 5. Nb3 Bb4+ 6. c3 Be7 7. Bf4 Nf6 8.
e5 Ne4 9. Bc4 O-O 10. Qd3 Ng5 11. N1d2 d6 12. Qg3 Nxe5 13. Bxe5 dxe5 14. Rd1
Bd6 15. h4 Ne6 16. Ne4 Nf4 17. Nbc5 b6 18. Nd3 Bb7 19. Nxe5 Qe7 20. Qxf4 Bxe5
21. Qg4 Bxe4 22. O-O Rae8 23. g3 Ba8 24. Rd7 Qf6 25. Bd5 Bxd5 26. Rxd5 Bd6 27.
Rfd1 Qe6 28. Qa4 Qh3 29. Qc4 Re7 30. b4 Rfe8 31. Qf1 Qxf1+ 32. Kxf1 Re2 33.
R1d2 Rxd2 34. Rxd2 b5 35. Kg2 a6 36. Kf3 h5 37. Rd3 f5 38. Rd5 Rf8 39. Kg2 Rf6
40. f4 c6 41. Rd4 c5 42. bxc5 Bxc5 43. Rd5 Bd6 44. Rd4 Bc7 45. Rd5 Rc6 46. Rxf5
Rxc3 47. Rxh5 Rc2+ 48. Kf3 Rxa2 49. Rc5 Ra3+ 50. Kg2 Ba5 51. Rc8+ Kh7 52. Re8
Bc3 53. Re7 a5 54. h5 b4 55. Re3 a4 56. Re7 b3 57. Rb7 b2 58. Rxb2 Bxb2 59. g4
Kg8 60. h6 Kh7 61. Kf2 Kxh6 62. Ke2 Bc1 63. f5 Kg5 64. Kd1 Be3 65. Ke2 Kxg4 66.
f6 gxf6 67. Kd1 Ra2 68. Ke1 Kf3 69. Kd1 Bg5 70. Ke1 70... Ra1# {
Beadle checkmated} 0-1

[Event "ICS Rated blitz match"]
[Site "207.99.83.229"]
[Date "1999.06.15"]
[Round "?"]
[White "Hossa"]
[Black "Beadle"]
[Result "1-0"]
[WhiteElo "2394"]
[BlackElo "2617"]
[PlyCount "117"]

1. e4 Nf6 2. e5 Nd5 3. d4 d6 4. c4 Nb6 5. f4 dxe5 6. fxe5 Nc6 7. Be3 Bf5 8. Nf3
e6 9. Nc3 Be7 10. Be2 Nb4 11. Rc1 O-O 12. O-O Nd7 13. a3 Nc6 14. Qb3 Rb8 15. d5
Ncxe5 16. Nxe5 Nxe5 17. Bxa7 Rc8 18. Qxb7 c5 19. dxc6 Rxc6 20. b4 Bg5 21. Rcd1
Qc8 22. Qxc8 Rfxc8 23. c5 Bc2 24. Ra1 Ra8 25. Nb5 Rd8 26. Bh5 Bd3 27. Rfe1 Bxb5
28. a4 Bxa4 29. Rxa4 Nd3 30. Re2 Nf4 31. Re5 f6 32. Bf3 fxe5 33. Bxc6 Rd1+ 34.
Kf2 Rd4 35. Kf3 Nd3 36. Bb6 e4+ 37. Kg4 Be7 38. Kg3 Nxb4 39. Bb5 Kf7 40. Kh3 g6
41. c6 Rd5 42. c7 Rh5+ 43. Kg4 Rh4+ 44. Kg3 Rh5 45. c8=Q Rxb5 46. Be3 Rf5 47.
Qd7 Rd5 48. Qb7 Rd3 49. Qxe4 Bg5 50. Qf3+ Ke8 51. Ra8+ Bd8 52. Qe4 Kf7 53. Ra7+
Be7 54. Qxb4 Rxe3+ 55. Kf2 Re2+ 56. Kxe2 Kf6 57. Qf4+ Kg7 58. Rxe7+ Kh8 59.
Qf8# {Beadle checkmated} 1-0

[Event "ICS Rated blitz match"]
[Site "207.99.83.229"]
[Date "1999.06.15"]
[Round "?"]
[White "Amateur"]
[Black "Hossa"]
[Result "1-0"]
[WhiteElo "2613"]
[BlackElo "2419"]
[PlyCount "60"]

1. e4 e5 2. Nf3 Nc6 3. Nc3 Nf6 4. Bb5 Bb4 5. O-O O-O 6. d3 d6 7. Na4 Nd4 8.
Nxd4 exd4 9. c3 a6 10. Bc4 dxc3 11. Nxc3 Bg4 12. Qb3 Bxc3 13. Qxc3 Be6 14. Bxe6
fxe6 15. Qb3 Qc8 16. Be3 Ng4 17. Bg5 Rb8 18. Qd1 Ne5 19. Rc1 Nc6 20. d4 Qe8 21.
d5 exd5 22. exd5 Rf5 23. h4 Na7 24. Rxc7 Qe4 25. Re1 Rxd5 26. Qc1 Qf5 27. Ree7
Rc5 28. Rxg7+ Kf8 29. Qe3 Qb1+ 30. Kh2 30... Rxc7 {Hossa resigns} 1-0

[Event "ICS Rated blitz match"]
[Site "207.99.83.229"]
[Date "1999.06.15"]
[Round "?"]
[White "Secret"]
[Black "Hossa"]
[Result "0-1"]
[WhiteElo "2429"]
[BlackElo "2411"]
[PlyCount "128"]

1. e4 c5 2. Nc3 d6 3. Nf3 Nf6 4. d4 cxd4 5. Nxd4 Bg4 6. f3 Bh5 7. Bb5+ Nbd7 8.
Ba4 Qb6 9. g4 Bg6 10. g5 Nh5 11. Nd5 Qc5 12. Bc6 bxc6 13. Nc7+ Kd8 14. Nxa8 e5
15. Nb3 Qb5 16. Be3 Qb7 17. Qd2 Qxa8 18. Qa5+ Ke8 19. Qxa7 Qxa7 20. Bxa7 f5 21.
gxf6 Nhxf6 22. Na5 c5 23. Kf2 Be7 24. a3 Rf8 25. Ke2 Bh5 26. Ke3 d5 27. Rhf1
dxe4 28. fxe4 Ng4+ 29. Kd2 Nxh2 30. Rxf8+ Kxf8 31. Kd3 Nf3 32. Rf1 g5 33. c4 g4
34. Nb3 Bf7 35. Rd1 h5 36. Na5 h4 37. Nb7 g3 38. b4 g2 39. bxc5 Nf6 40. c6 Bg6
41. Nc5 Ne8 42. Ne6+ Kf7 43. c7 Nd6 44. Ke2 Nd4+ 45. Nxd4 exd4 46. Kf2 h3 47.
e5 Nc8 48. Bxd4 Bxa3 49. Ra1 Be7 50. Kg3 Bf5 51. Ra8 Bh4+ 52. Kh2 Bg5 53. Kg1
Bf4 54. Rxc8 Bxc8 55. c5 Ke6 56. c6 Kd5 57. Bb6 Kxc6 58. Bd4 Kxc7 59. Kf2 Bb7
60. Ba7 h2 61. Bb8+ Kxb8 62. Ke2 Be4 63. e6 h1=Q 64. Kf2 64... Qf1# {
Secret checkmated} 0-1

[Event "ICS Rated blitz match"]
[Site "207.99.83.229"]
[Date "1999.06.15"]
[Round "?"]
[White "Hossa"]
[Black "Amateur"]
[Result "0-1"]
[WhiteElo "2428"]
[BlackElo "2604"]
[PlyCount "73"]

1. e4 e5 2. Nf3 Nc6 3. Nc3 Nf6 4. Bb5 Bb4 5. O-O O-O 6. d3 d6 7. Na4 Ne7 8. c3
Ba5 9. Bg5 c6 10. Bc4 b5 11. Bxf6 gxf6 12. b4 Bc7 13. Nb2 bxc4 14. Nxc4 d5 15.
Ne3 dxe4 16. dxe4 Qxd1 17. Raxd1 Be6 18. a4 Bb6 19. a5 Bxe3 20. fxe3 c5 21. Rb1
Nc6 22. Nh4 cxb4 23. cxb4 Rab8 24. Rbc1 Nxb4 25. Rc7 Rfc8 26. Rxa7 Nc6 27. Ra6
Bc4 28. Rxc6 Rxc6 29. Nf5 Bxf1 30. Ne7+ Kg7 31. Nxc6 Rb1 32. Kf2 Bd3 33. Kf3
Rf1+ 34. Kg3 Bxe4 35. Ne7 Rc1 36. Kg4 Rc7 37. Nf5+ {Hossa resigns} 0-1

[Event "ICS Rated blitz match"]
[Site "207.99.83.229"]
[Date "1999.06.15"]
[Round "?"]
[White "Amateur"]
[Black "Hossa"]
[Result "1/2-1/2"]
[WhiteElo "2613"]
[BlackElo "2419"]
[PlyCount "269"]

1. e4 e5 2. Nf3 Nc6 3. d4 exd4 4. Nxd4 Bc5 5. Be3 Qf6 6. c3 Nge7 7. Bc4 d6 8.
Nxc6 Bxe3 9. O-O Bf4 10. Nxe7 Qxe7 11. Qf3 Be5 12. Nd2 O-O 13. Qe3 Bg4 14. Nf3
Bxf3 15. Qxf3 Qh4 16. Qh3 Qxh3 17. gxh3 Bf4 18. Rfd1 Rae8 19. f3 Re5 20. b4 Rh5
21. Kg2 Rg5+ 22. Kh1 c6 23. a4 a5 24. Ra2 Be5 25. bxa5 Bxc3 26. Rb1 d5 27. f4
Rh5 28. exd5 cxd5 29. Rb5 Rd8 30. Rc2 Bf6 31. Rd2 Rf5 32. Bxd5 g6 33. Kg2 g5
34. fxg5 Rxg5+ 35. Kf3 Kf8 36. Kf4 Rh5 37. Rd3 Rd6 38. Be4 Rh4+ 39. Kg3 Rxd3+
40. Bxd3 h6 41. Rxb7 Rxa4 42. a6 Ra3 43. a7 Rxd3+ 44. Kg4 Ra3 45. Rb8+ Kg7 46.
a8=Q Rxa8 47. Rxa8 Be5 48. Ra2 Kg6 49. Rg2 Bd4 50. Kf4+ Kf6 51. Ke4 Bb6 52. Rc2
Ba7 53. Rc6+ Kg7 54. Kf5 Bg1 55. Rc2 Bd4 56. Rg2+ Kh7 57. h4 Bc3 58. h5 Ba1 59.
Rg4 Bb2 60. h3 Bc3 61. Rc4 Ba1 62. Rg4 Bc3 63. Rg1 Bb2 64. Rg2 Bc3 65. Rg4 Bb2
66. Rb4 Bc3 67. Rb3 Bd4 68. Rb4 Bc3 69. Re4 Kg7 70. Re2 Kh7 71. Rg2 Bd4 72. Rg3
Bg7 73. Ke4 Bf8 74. Rg2 Bc5 75. Rc2 Bb6 76. Ke5 Bd8 77. Rf2 Kg7 78. Rg2+ Kh7
79. Rd2 Bh4 80. Rg2 Bd8 81. Rg4 Be7 82. Rg3 Kh8 83. Rg2 Kh7 84. Rg4 Kh8 85. h4
Kh7 86. Kd5 Ba3 87. Re4 Kg7 88. Re2 Kf6 89. Rf2+ Ke7 90. Re2+ Kf6 91. Re1 Bb4
92. Rf1+ Ke7 93. Rf4 Ba5 94. Rf2 Bc7 95. Rf3 Ba5 96. Ra3 Bd2 97. Ra2 Bc3 98.
Re2+ Kf6 99. Rf2+ Kg7 100. Rg2+ Kf6 101. Rc2 Be1 102. Rc6+ Kg7 103. Rc4 Kf6
104. Rf4+ Kg7 105. Re4 Bc3 106. Rg4+ Kf6 107. Rf4+ Ke7 108. Rc4 Bb2 109. Rc7+
Kf6 110. Rc6+ Kg7 111. Rc4 Kf6 112. Rf4+ Ke7 113. Ra4 Kf6 114. Ra6+ Kg7 115.
Ra4 Kf6 116. Ra2 Bc3 117. Ra6+ Kg7 118. Ra4 Kf6 119. Rf4+ Ke7 120. Re4+ Kf6
121. Re3 Bd2 122. Rf3+ Ke7 123. Rf2 Ba5 124. Rc2 Kf6 125. Rc6+ Kg7 126. Rc5 Be1
127. Rc4 Kf6 128. Rf4+ Kg7 129. Re4 Bc3 130. Rg4+ Kf6 131. Rg1 Bb4 132. Kc4 Bd6
133. Rg8 Bf4 134. Kd5 Ke7 135. Rg4 {Game drawn by the 50 move rule} 1/2-1/2

[Event "ICS Rated blitz match"]
[Site "207.99.83.229"]
[Date "1999.06.15"]
[Round "?"]
[White "Hossa"]
[Black "Amateur"]
[Result "0-1"]
[WhiteElo "2427"]
[BlackElo "2605"]
[PlyCount "71"]

1. e4 e5 2. f4 exf4 3. Nf3 Nf6 4. d4 Nxe4 5. Bxf4 Nc6 6. Bd3 d5 7. O-O Bf5 8.
Nc3 Nxc3 9. bxc3 Bxd3 10. Qxd3 Qd7 11. Rab1 Nd8 12. Qe2+ Be7 13. c4 c6 14. cxd5
Qxd5 15. Bc7 Qd7 16. Bxd8 Rxd8 17. Rbe1 Qd6 18. c3 Kf8 19. a4 Bf6 20. Nd2 Qd5
21. Ne4 Bh4 22. Rd1 Re8 23. Rf4 g5 24. c4 Qe6 25. Rg4 h5 26. Rxh4 gxh4 27. Re1
h3 28. g3 h4 29. d5 cxd5 30. Qb2 Qe5 31. Qxe5 Rxe5 32. cxd5 f5 33. Rf1 Rxe4 34.
Rxf5+ Ke7 35. Rf4 Rxf4 36. gxf4 {Hossa resigns} 0-1

[Event "ICS rated blitz match"]
[Site "207.99.83.229"]
[Date "1999.06.15"]
[Round "?"]
[White "Pippin27"]
[Black "Hossa"]
[Result "0-1"]
[WhiteElo "2281"]
[BlackElo "2419"]
[PlyCount "60"]

1. e4 e5 2. Nf3 Nc6 3. Bb5 a6 4. Ba4 Nf6 5. O-O Be7 6. Qe2 b5 7. Bb3 O-O 8. a4
b4 9. a5 Bb7 10. c3 bxc3 11. bxc3 Rb8 12. Bc4 Bd6 13. Re1 Qc8 14. d3 Qd8 15.
Bg5 Qe7 16. Nbd2 Kh8 17. Nf1 h6 18. Be3 Ng4 19. h3 Nxe3 20. Nxe3 Qf6 21. Nf5
Bc5 22. g4 Ne7 23. Nxe7 Bxe7 24. Rab1 Bc5 25. Kg2 Kg8 26. Rb2 Ba8 27. Bxa6 Rxb2
28. Qxb2 Qxa6 29. Nxe5 d6 30. Nf3 30... Qxd3 {Pippin27 resigns} 0-1

[Event "ICS Rated blitz match"]
[Site "207.99.83.229"]
[Date "1999.06.15"]
[Round "?"]
[White "Hossa"]
[Black "StrongBach"]
[Result "1-0"]
[WhiteElo "2429"]
[BlackElo "1876"]
[PlyCount "83"]

1. e4 a5 2. Nf3 e6 3. Bb5 Bd6 4. O-O c6 5. Be2 Be7 6. d4 Qb6 7. Nbd2 Qb4 8. Nc4
h5 9. Bd2 Qb5 10. Nd6+ Bxd6 11. Bxb5 cxb5 12. Qe2 b4 13. Rae1 Na6 14. e5 Be7
15. c4 Nc7 16. Qd3 b6 17. a3 bxa3 18. bxa3 Rb8 19. Rb1 Rb7 20. Rb2 d6 21. exd6
Bxd6 22. Rfb1 Na8 23. c5 Bc7 24. Bxa5 bxa5 25. Rxb7 Bxb7 26. Rxb7 Nf6 27. Qa6
O-O 28. Ra7 Nd5 29. Rxa8 Rxa8 30. Qxa8+ Kh7 31. Ne5 Nc3 32. Qf3 Bxe5 33. dxe5
Na2 34. c6 Kg6 35. Qg3+ Kh7 36. c7 Nc1 37. Qf3 Kh6 38. c8=Q Kg6 39. Qh8 Ne2+
40. Qxe2 Kf5 41. Qhxh5+ g5 42. Qxf7# {StrongBach checkmated} 1-0

[Event "ICS Rated blitz match"]
[Site "207.99.83.229"]
[Date "1999.06.15"]
[Round "?"]
[White "Amateur"]
[Black "Hossa"]
[Result "0-1"]
[WhiteElo "2613"]
[BlackElo "2430"]
[PlyCount "146"]

1. e4 e5 2. Nf3 Nc6 3. Bb5 a6 4. Bxc6 dxc6 5. d4 Bg4 6. c3 exd4 7. Qxd4 Bxf3 8.
gxf3 Qxd4 9. cxd4 Rd8 10. Be3 Nf6 11. Rg1 g6 12. Nc3 Bg7 13. O-O-O O-O 14. h4
Kh8 15. Na4 Nd7 16. Rg2 Rfe8 17. e5 f6 18. exf6 Bxf6 19. Nc3 Nb6 20. Ne4 Bg7
21. Ng5 Rd7 22. Ne4 Nc4 23. b3 Nd6 24. Nc5 Rf7 25. f4 Rf5 26. Rg4 Rd5 27. Rg5
a5 28. Rg2 Re7 29. Rg5 b6 30. Rxd5 cxd5 31. Na6 Nf5 32. Kb1 h5 33. Rc1 Bxd4 34.
Bxd4+ Nxd4 35. Nxc7 Rd7 36. Na8 Rd6 37. Rc7 Nf3 38. Rb7 Nxh4 39. Rb8+ Kh7 40.
Rb7+ Kh6 41. Rxb6 Rxb6 42. Nxb6 Nf3 43. f5 h4 44. f6 Ne5 45. Kc2 h3 46. f4 Nf7
47. Nxd5 h2 48. Kd3 h1=Q 49. Kd4 Qd1+ 50. Ke4 Qb1+ 51. Kd4 Qxa2 52. b4 axb4 53.
Nxb4 Qf2+ 54. Ke4 Qe1+ 55. Kf3 Qxb4 56. Ke3 Qxf4+ 57. Kxf4 Kh5 58. Ke3 g5 59.
Ke4 Kg6 60. Kf3 Kxf6 61. Kg2 Kf5 62. Kf3 g4+ 63. Kg3 Nd6 64. Kh2 Kf4 65. Kg2
Nf5 66. Kh1 Ne3 67. Kh2 Kf3 68. Kg1 g3 69. Kh1 Ke2 70. Kg1 g2 71. Kh2 Kf2 72.
Kh3 g1=Q 73. Kh4 73... Qg4# {Amateur checkmated} 0-1

[Event "ICS Rated blitz match"]
[Site "207.99.83.229"]
[Date "1999.06.15"]
[Round "?"]
[White "Hossa"]
[Black "Data"]
[Result "0-1"]
[WhiteElo "2454"]
[BlackElo "2743"]
[PlyCount "143"]

1. e4 c5 2. Nf3 Nc6 3. d4 cxd4 4. Nxd4 g6 5. c4 Bg7 6. Be3 Nf6 7. Nc3 Ng4 8.
Qxg4 Nxd4 9. Qd1 e5 10. Bd3 O-O 11. O-O d6 12. Qd2 Be6 13. Bh6 Bxh6 14. Qxh6
Rc8 15. b3 f6 16. f4 Qc7 17. Rad1 Qg7 18. Qxg7+ Kxg7 19. Ne2 Nxe2+ 20. Bxe2 Rc6
21. g3 Bh3 22. Rf2 exf4 23. gxf4 Kf7 24. Bf3 Rb6 25. Rd3 Ke7 26. a3 Be6 27. h4
Rg8 28. Rg2 a5 29. a4 h6 30. Bg4 Bf7 31. Rdg3 Re8 32. Be2 Kf8 33. Re3 f5 34. e5
dxe5 35. fxe5 Rbe6 36. Bf3 Rxe5 37. Rxe5 Rxe5 38. Bxb7 Re3 39. c5 Rxb3 40. c6
Rb1+ 41. Kh2 Rc1 42. Rd2 Rc4 43. Kh3 g5 44. hxg5 hxg5 45. Rg2 Rh4+ 46. Kg3 Rg4+
47. Kf2 Rxg2+ 48. Kxg2 Bd5+ 49. Kf2 Ke7 50. Kg3 Kd6 51. Bc8 Be4 52. Bd7 f4+ 53.
Kg4 Bxc6 54. Bc8 Bd7+ 55. Bxd7 Kxd7 56. Kf3 Kd6 57. Kg4 f3 58. Kg3 f2 59. Kg4
f1=Q 60. Kg3 Qg2+ 61. Kxg2 g4 62. Kg3 Kc5 63. Kxg4 Kb4 64. Kf4 Kxa4 65. Ke3 Kb3
66. Kd2 Kb2 67. Ke3 a4 68. Kd4 a3 69. Kd5 a2 70. Ke5 a1=Q 71. Kf4 Qf1+ 72. Kg5
{Hossa resigns} 0-1

[Event "ICS Rated blitz match"]
[Site "207.99.83.229"]
[Date "1999.06.15"]
[Round "?"]
[White "Data"]
[Black "Hossa"]
[Result "1-0"]
[WhiteElo "2748"]
[BlackElo "2449"]
[PlyCount "116"]

1. e4 e5 2. Nf3 Nc6 3. Bc4 Nf6 4. d4 exd4 5. e5 d5 6. Bb5 Ne4 7. Nxd4 Bd7 8.
Bxc6 bxc6 9. O-O Be7 10. f3 Nc5 11. f4 Rb8 12. f5 O-O 13. Nc3 Re8 14. Qg4 Bf8
15. e6 fxe6 16. f6 Kh8 17. Bg5 e5 18. Qh4 Qc8 19. f7 exd4 20. fxe8=Q Qxe8 21.
Nd1 Ne4 22. Bf4 Bc5 23. Kh1 Be7 24. Qe1 Rb7 25. Qe2 Bh4 26. Qf3 Kg8 27. Rb1 c5
28. g3 Bf6 29. Nf2 Qg6 30. Kg1 Qf5 31. g4 Qg6 32. b3 Nc3 33. Rbe1 Bh4 34. Bg3
Bxg3 35. hxg3 Rb8 36. Qf4 Rf8 37. Qxc7 Qc6 38. Qxc6 Bxc6 39. Re7 Bb5 40. Rfe1
Rf7 41. R7e5 Bc6 42. Nd3 Ne4 43. Kg2 a5 44. Rf5 Rb7 45. Ref1 Rb8 46. Rf7 Bb5
47. Ra7 c4 48. Ne5 cxb3 49. Rff7 Kh8 50. Rxg7 Nf6 51. axb3 Re8 52. Rg5 Rxe5 53.
Rxe5 d3 54. g5 Ng8 55. cxd3 Bxd3 56. Rxa5 d4 57. Rad5 Bc2 58. b4 58... d3 {
Hossa resigns} 1-0

[Event "ICS Rated blitz match"]
[Site "207.99.83.229"]
[Date "1999.06.15"]
[Round "?"]
[White "razzle"]
[Black "Hossa"]
[Result "1-0"]
[WhiteElo "2761"]
[BlackElo "2437"]
[PlyCount "78"]

1. d4 Nf6 2. c4 e6 3. Nf3 g6 4. g3 d5 5. Bg2 Nc6 6. Ne5 Bb4+ 7. Bd2 Bxd2+ 8.
Qxd2 Nxe5 9. dxe5 Nd7 10. cxd5 O-O 11. dxe6 fxe6 12. f4 g5 13. h4 gxf4 14. gxf4
Qe7 15. Nc3 Nc5 16. O-O-O Kh8 17. e3 Rg8 18. Rh2 a5 19. Nb5 Na6 20. Kb1 Qb4 21.
Qd3 Nc5 22. Qe2 c6 23. Nd6 Rg3 24. Rd4 Qb6 25. Qf2 Rg7 26. h5 a4 27. h6 Rg6 28.
Bf3 Nb3 29. axb3 axb3 30. Nc4 Qc7 31. Rd3 b5 32. Nd6 Qa5 33. Rxb3 Qa1+ 34. Kc2
Rg1 35. Nf7+ Kg8 36. Rg2+ Kxf7 37. Rxg1 Qa7 38. Qh4 Qc5+ 39. Kd3 39... Qc4+ {
Hossa resigns} 1-0

[Event "ICS rated standard match"]
[Site "207.99.83.229"]
[Date "1999.06.15"]
[Round "?"]
[White "Yeldnuh"]
[Black "Hossa"]
[Result "1-0"]
[WhiteElo "2504"]
[BlackElo "2272"]
[PlyCount "106"]

1. d4 g6 2. e4 Bg7 3. Nc3 d6 4. f4 Nf6 5. Nf3 O-O 6. Bd3 Nc6 7. O-O Bg4 8. e5
dxe5 9. dxe5 Nd5 10. h3 Nxc3 11. bxc3 Be6 12. Ng5 Qd5 13. Nxe6 Qxe6 14. Ba3
Rad8 15. Qe2 a6 16. Bc4 Qf5 17. g4 Qc8 18. Rad1 Rxd1 19. Rxd1 Qe8 20. Bd5 Nd8
21. f5 gxf5 22. gxf5 Kh8 23. f6 exf6 24. Bxf8 Bxf8 25. Be4 fxe5 26. Qh5 h6 27.
Qf5 Kg7 28. Qh7+ Kf6 29. Qh8+ Ke7 30. Qxe5+ Ne6 31. Bxb7 Qb8 32. Bd5 Bg7 33.
Qf5 c6 34. Bxe6 fxe6 35. Qc5+ Kf7 36. Qxc6 Qg3+ 37. Qg2 Qxc3 38. Qb7+ Kg6 39.
Qe4+ Kg5 40. Rd3 Qe5 41. Qxe5+ Bxe5 42. c4 a5 43. c5 Kf4 44. Kg2 Kf5 45. Rd7 h5
46. c6 a4 47. c7 Bxc7 48. Rxc7 e5 49. Kf3 Kf6 50. Ke4 Kg5 51. Kxe5 a3 52. Ra7
Kg6 53. h4 53... Kh6 {Hossa resigns} 1-0